| 000 | 01693cab a2200253 4500 | ||
|---|---|---|---|
| 001 | E86879 | ||
| 008 | 090401t1997 xxu||||| |||| 00| 0 eng d | ||
| 035 | _a(Sirsi) u81276 | ||
| 041 | _aeng | ||
| 245 | _aGrant v Broadland Properties Estates Ltd | ||
| 260 | _c1997 | ||
| 350 | _a0 | ||
| 490 |
_aScots Law Times _v1997 SLT 1030-1036(7) |
||
| 520 | _aFirst Division. 13 February 1997. Rent properly payable - obligation on tenant in lease to install drainage scheme - obligation implemented by tenant - whther obligation incumbent on landlord in terms of statute - time as at which validity of obligation to be determined - whether drainage scheme a tenant`s improvement to be left out of account in determining rent. Arbitration to determine rent - appeal to Land Court against award of arbiter - whther competent to raise such issue on appeal. Jurisdiction - Land Court - agricultural holding - arbitration to determine rent - appeal against award of arbiter - appeal raising question as to liability of landlord in relation to fixed equipment on holding and whether or not tenant had carried out works which properly ought to have been done by landlord - whether Land Court had jurisdiction to determine question of liability of landlord in appeal against arbiter`s rental award. | ||
| 650 | _aAGRICULTURAL HOLDINGS (SCOTLAND) ACT 1991 | ||
| 650 | _aAGRICULTURAL HOLDINGS | ||
| 650 | _aARBITER | ||
| 650 | _aMANAGEMENT-DISPUTE AVOIDANCE, MANAGEMENT AND RESOLUTION-DISPUTE MANAGEMENT AND RESOLUTION-ARBITRATION | ||
| 650 | _aRENTAL AWARD | ||
| 650 | _aSCOTTISH LAND COURT | ||
| 690 | _aLANDLORD AND TENANT-CASE LAW-AGRICULTURAL TENANCIES | ||
| 942 | _n0 | ||
| 948 | _c06/10/1997 | ||
| 999 |
_c51214 _d51214 |
||